Tennis - Joueurs Français à Wimbledon 2025 - Statistiques

Statistiques générales
  • Ce quiz a été pris 105 fois
  • Le résultat moyen est 9 sur 12
Statistiques - réponses
Classement mondial Joueur % Correct
48e Gaël Monfils
95%
18e Ugo Humbert
95%
75e Corentin Moutet
88%
36e Giovanni Mpetshi Perricard
86%
71e Arthur Rinderknech
79%
41e Alexandre Müller
76%
86e Hugo Gaston
75%
64e Benjamin Bonzi
74%
123e Adrian Mannarino
71%
46e Quentin Halys
61%
112e Valentin Royer
58%
115e Arthur Cazaux
54%
Aucun quiz correspondant
Distribution des résultats
% des personnes avec chaque résultat
Percentile par nombre de réponses
Votre historique - résultats
Vous n’avez pas pris ce quiz